| 000 | 00668cam a2200205 a 4500 | ||
|---|---|---|---|
| 001 | 000018219 | ||
| 005 | 20200929165416.0 | ||
| 008 | 730529s1940 nyu 000 fbeng d | ||
| 040 |
_aDO-SdBNP _beng _cLC _dBNPHU |
||
| 082 |
_a813.5 _bB922e |
||
| 100 | 1 |
_aBuck, Pearl S. _q(Pearl Sydenstricker Buck), _d1892-1973. _939445 |
|
| 245 | 1 | 4 |
_aThe exile / _cPearl S. Buck. |
| 260 |
_aNew York : _bTriangle Books, _c1940. |
||
| 300 |
_a315 p. ; _c22 cm. |
||
| 600 | 1 | 0 |
_aSYDENSTRICKER, CAROLINE _d1857-1921. _xBIOGRAFÍA _939446 |
| 650 | 4 |
_aNovela estadounidense _9262 |
|
| 650 | 4 |
_aLiteratura estadounidense _ySIGLO XX _96874 |
|
| 910 | _aCatalogación derivada | ||
| 049 | _aBNGR | ||
| 999 |
_c17740 _d17740 |
||